000 00343nam a2200145Ia 4500
999 _c29479
_d29479
003 OSt
005 20250812130228.0
008 250310s9999||||xx |||||||||||||| ||und||
040 _c.
082 _a823.912
_bW4531
100 _94036
_aWells, H.G.
245 0 _aMr. Britling Sees It Through /
_cH. G. Wells
300 _a373 p.
942 _cBK
_2ddc